000 01097nam a22002537a 4500
005 20170123164159.0
010 _aB-065357
020 _c115.00
035 _aB-065357
037 _bCen Lib/Ret
040 _aDPL
_bPN
082 _a080
_bਕੁੱਕੜ
100 _aਕੁੱਕੜਪਿੰੜਿਆ, ਮੋਹਣ ਸਿੰਘ
_9132338
245 _aਬੁਰਕੇ /
_c ਮੋਹਣ ਸਿੰਘ ਕੁੱਕੜਪਿੰੜਿਆ
246 _aBurkey /
_bby Mohan Singh Kukarpindia
260 _aਦਿੱਲੀ
_bਨੈਸ਼ਨਲ ਬੁਕ ਸ਼ਾਪ
_c2002
270 _bਦਿੱਲੀ
_aਪਲੱਈਅਰ ਗਾਰਡਨ ਮਾਰਕਿਟ, ਚਾਂਦਨੀ ਚੌਕ
_e110006
300 _a102p ;
_c19cm(hb)
650 _aਪੱਤਰਕਾਰੀ - ਭਾਰਤ ਨੂੰ - ਇਤਿਹਾਸ - 19 ਪੱਟੀ.
_9140923
650 _aHindi--journalism
_943511
650 _aJournalism -- India -- History -- 19th century.
_9140924
650 _aਪੰਜਾਬੀ -- ਪੱਤਰਕਾਰੀਤਾ
_9140925
942 _2ddc
_cPN
_h080
_mਕੁੱਕੜ
999 _c110931
_d110931